Städte mit 2 Fußballvereinen - Statistiken

Allgemein
  • Dieses Quiz wurde 653 mal gespielt
  • Das Durchschnittsergebnis liegt bei 18 aus 20
Antwortstatistiken
Stadt Verein % Korrekt
Berlin 1.FC Union
99%
Hamburg Hamburger SV
99%
Berlin Hertha BSC
99%
Madrid Real
99%
Manchester United
99%
Mailand AC
98%
Manchester City
98%
Mailand Inter
97%
Hamburg Sankt Pauli
97%
Rom AS
95%
Glasgow Rangers
94%
Madrid Atletico
93%
Glasgow Celtic
90%
Lissabon Benfica
87%
Rom Lazio
86%
Lissabon Sporting
85%
Wien Rapid
83%
Wien Austria
74%
Prag Sparta
71%
Prag Slavia
64%
Keine übereinstimmenden Quizze gefunden
Verteilung der Resultate
Anzahl Personen mit jedem Resultat
Perzentil nach korrekt beantworteten Fragen
Ihre Resultats-Entwicklung
Sie haben dieses Quiz noch nicht gespielt